Effect of seed priming and plant growth regulators on growth and yield of yard long bean / (Record no. 17156)

MARC details
000 -LEADER
fixed length control field 01021nam a22002537a 4500
001 - CONTROL NUMBER
control field BD-DhSAU 7469
003 - CONTROL NUMBER IDENTIFIER
control field BD-DhSAU
005 - DATE AND TIME OF LATEST TRANSACTION
control field 20231009100520.0
008 - FIXED-LENGTH DATA ELEMENTS--GENERAL INFORMATION
fixed length control field 150422b2006 bg ||||| m||m 00| 0 eng d
040 ## - CATALOGING SOURCE
Original cataloging agency BD-DhSAU
082 ## - DEWEY DECIMAL CLASSIFICATION NUMBER
Edition number 22
Classification number 635
Item number Su741
100 ## - MAIN ENTRY--PERSONAL NAME
Personal name SUNNY, NUSRAT JAHAN
Relator term Registration No. # 19-10180
245 ## - TITLE STATEMENT
Title Effect of seed priming and plant growth regulators on growth and yield of yard long bean /
Remainder of title MS thesis
260 ## - PUBLICATION, DISTRIBUTION, ETC. (IMPRINT)
Place of publication, distribution, etc. Sher-e- Bangla Agricultural University:
Name of publisher, distributor, etc. Department of Horticulture,
Date of publication, distribution, etc. 2021.
300 ## - PHYSICAL DESCRIPTION
Extent ix, 55p.:
Other physical details 30 cm.
500 ## - GENERAL NOTE
General note MS thesis of Department of Horticulture , Faculty of Agriculture, Sher-e-Bangla Agricultural University, Dhaka, Bangladesh
590 ## - Name of Cataloguer
Name of Cataloger Namul
650 ## - SUBJECT ADDED ENTRY--TOPICAL TERM
Topical term or geographic name as entry element seed priming and plant
651 ## - SUBJECT ADDED ENTRY--GEOGRAPHIC NAME
Geographic name long bean
700 ## - ADDED ENTRY--PERSONAL NAME
Personal name Prof. Dr. Md. Nazrul Islam
Relator term Superviser
700 ## - ADDED ENTRY--PERSONAL NAME
Personal name Prof. Dr. Shormin Choudhury
Relator term Co-Superviser
856 ## - ELECTRONIC LOCATION AND ACCESS
Uniform Resource Identifier <a href="http://archive.saulibrary.edu.bd:8080/xmlui/handle/123456789/5019">http://archive.saulibrary.edu.bd:8080/xmlui/handle/123456789/5019</a>
942 ## - ADDED ENTRY ELEMENTS (KOHA)
Source of classification or shelving scheme Dewey Decimal Classification
Koha item type MS Level Thesis
Holdings
Withdrawn status Lost status Source of classification or shelving scheme Damaged status Not for loan Collection code Home library Branch Name Date acquired Total Checkouts Full call number Barcode Date last seen Price effective from Koha item type
    Dewey Decimal Classification   Not For Loan Reference SAU Library SAU Library 09/10/2023   635 Su741 45034 09/10/2023 09/10/2023 MS Level Thesis